[Event "29. Klatovy A 2023"]
[Site "Klatovy"]
[Date "2023.07.01"]
[Round "1.23"]
[White "Hlavacek, Ondrej 1999"]
[Black "Pirklova, Hana"]
[Result "1/2-1/2"]
[WhiteElo "1780"]
[BlackElo "2085"]
[PlyCount "59"]
[EventDate "2023.07.01"]
[EventType "swiss"]
[EventRounds "9"]
[EventCountry "CZE"]

1. Nf3 Nf6 2. g3 g6 3. Bg2 Bg7 4. O-O O-O 5. d4 d6 6. c4 c6 7. Nc3 Qa5 8. d5 cxd5 9. Nxd5 Nc6 10. Bg5 Ne4 11. Bc1 Be6 12. Ng5 Nxg5 13. Bxg5 f6 14. Bd2 Qd8 15. Bc3 Rc8 16. b3 Qd7 17. Nf4 Bf7 18. Nd5 e5 19. Qd2 Rfd8 20. Rad1 Be6 21. Qb2 Qf7 22. Nb4 Nxb4 23. Bxb4 d5 24. cxd5 Bxd5 25. Bxd5 Rxd5 26. Rxd5 Qxd5 27. Rc1 Rd8 28. Qa3 a6 29. Qa5 Qxa5 30. Bxa5 1/2-1/2

[Event "29. Klatovy A 2023"]
[Site "Klatovy"]
[Date "2023.07.01"]
[Round "1.24"]
[White "Pycha, Patrik"]
[Black "Sedmihradsky, Tomas"]
[Result "1-0"]
[WhiteElo "2058"]
[BlackElo "1775"]
[PlyCount "63"]
[EventDate "2023.07.01"]
[EventType "swiss"]
[EventRounds "9"]
[EventCountry "CZE"]

1. e4 e5 2. Nf3 Nc6 3. Bb5 a6 4. Ba4 Nf6 5. O-O Be7 6. Re1 O-O 7. Bxc6 dxc6 8. Nxe5 Re8 9. Nf3 Bg4 10. d3 Qd7 11. Be3 Rad8 12. Nbd2 Qc8 13. Qe2 c5 14. a4 Bh5 15. h3 h6 16. b3 g5 17. Qf1 g4 18. Nh4 Nxe4 19. Nxe4 Bxh4 20. g3 f5 21. Nxc5 Bf6 22. d4 f4 23. Bxf4 Rxe1 24. Rxe1 Rxd4 25. Ne6 Rd5 26. Qc4 c6 27. Bxh6 gxh3 28. Nf4 b5 29. axb5 axb5 30. Qb4 Qf5 31. Qf8+ Kh7 32. Re7+ 1-0

[Event "29. Klatovy A 2023"]
[Site "Klatovy"]
[Date "2023.07.01"]
[Round "1.25"]
[White "Zhang, Michelle 2013"]
[Black "Pecka, Jan"]
[Result "0-1"]
[WhiteElo "1772"]
[BlackElo "2054"]
[PlyCount "112"]
[EventDate "2023.07.01"]
[EventType "swiss"]
[EventRounds "9"]
[EventCountry "CZE"]

1. e4 e5 2. Nf3 Nc6 3. Bc4 Nf6 4. d3 Be7 5. O-O O-O 6. c3 d6 7. Nbd2 Na5 8. Bb5 a6 9. Ba4 b5 10. Bc2 c5 11. Re1 Re8 12. Nf1 Bf8 13. Bg5 h6 14. Bh4 g6 15. Ne3 Bg7 16. Qd2 Be6 17. d4 Qc7 18. dxe5 dxe5 19. Nd5 Nxd5 20. exd5 Nc4 21. d6 Nxd2 22. dxc7 Nxf3+ 23. gxf3 g5 24. Bg3 f6 25. Rad1 Bf8 26. Be4 Rac8 27. Bg6 Re7 28. Rd6 Kg7 29. Be4 Bxa2 30. Rxa6 Bc4 31. Rd1 Rcxc7 32. Bf5 Ra7 33. Rdd6 b4 34. Rxa7 Rxa7 35. Rd1 Be2 36. Rc1 bxc3 37. bxc3 Bxf3 38. h4 Be7 39. hxg5 hxg5 40. c4 Bd8 41. Be6 Kf8 42. Bd5 Bxd5 43. cxd5 Be7 44. Kg2 Ra4 45. Rh1 Rd4 46. Rh8+ Kg7 47. Re8 Kf7 48. Rh8 Rxd5 49. Kf3 Ke6 50. Re8 c4 51. Rc8 Rc5 52. Ra8 c3 53. Ra1 c2 54. Rc1 Rc6 55. Ke2 Ba3 56. Kd2 Rd6+ 0-1

[Event "29. Klatovy A 2023"]
[Site "Klatovy"]
[Date "2023.07.01"]
[Round "1.26"]
[White "Hladky, Tadeas"]
[Black "Stary, Vojtech"]
[Result "1-0"]
[WhiteElo "2046"]
[BlackElo "1752"]
[PlyCount "89"]
[EventDate "2023.07.01"]
[EventType "swiss"]
[EventRounds "9"]
[EventCountry "CZE"]

1. e4 c5 2. Nf3 e6 3. b3 a6 4. Bb2 Nc6 5. c4 Qc7 6. Be2 Nf6 7. Nc3 Nd4 8. O-O Be7 9. d3 O-O 10. Nxd4 cxd4 11. Nb1 e5 12. f4 d6 13. Nd2 Bd7 14. Rc1 Qa5 15. a3 b5 16. b4 Qb6 17. c5 dxc5 18. fxe5 Ne8 19. bxc5 Bxc5 20. Nb3 Be7 21. Bxd4 Qb8 22. Nc5 Be6 23. Nxe6 fxe6 24. Rxf8+ Bxf8 25. Qb3 Nc7 26. Bg4 Kh8 27. Qc3 Ne8 28. Bxe6 b4 29. axb4 Qxb4 30. Qxb4 Bxb4 31. Bd5 Rd8 32. Rc4 a5 33. Kf2 h6 34. Bc3 Rb8 35. Bxb4 axb4 36. Rc2 g5 37. Ke3 Ng7 38. Kd4 Nh5 39. g3 Kg7 40. Rc7+ Kf8 41. Rf7+ Ke8 42. Rb7 Rxb7 43. Bxb7 Ke7 44. Bd5 Ng7 45. Kc4 1-0

[Event "29. Klatovy A 2023"]
[Site "Klatovy"]
[Date "2023.07.01"]
[Round "1.27"]
[White "Kroulik, Vaclav"]
[Black "Novotny, David"]
[Result "1-0"]
[WhiteElo "1750"]
[BlackElo "2034"]
[PlyCount "91"]
[EventDate "2023.07.01"]
[EventType "swiss"]
[EventRounds "9"]
[EventCountry "CZE"]

1. e4 c5 2. Nf3 d6 3. c3 Nf6 4. Be2 g6 5. O-O Bg7 6. h3 O-O 7. d3 Nc6 8. Be3 e5 9. Nbd2 Re8 10. Nh2 h6 11. f4 exf4 12. Bxf4 d5 13. Bf3 Ne5 14. Qc2 dxe4 15. Nxe4 Qxd3 16. Qxd3 Nxd3 17. Nxf6+ Bxf6 18. Bxh6 Bh8 19. Rab1 Be6 20. Ng4 Rab8 21. Rfd1 Bf5 22. Ne3 Ne5 23. Nxf5 Nxf3+ 24. gxf3 gxf5 25. Kf2 Re6 26. Bf4 Rbe8 27. Rd2 Bf6 28. Rg1+ Kh7 29. Bg5 Bg7 30. Rgd1 Bh6 31. Bxh6 Kxh6 32. Rd6 R8e7 33. Kg3 Kg5 34. h4+ Kf6 35. Kf4 Re8 36. R1d5 Ke7 37. Rd7+ Kf8 38. Rxf5 R8e7 39. Rxe7 Kxe7 40. Re5 Kf6 41. Rxe6+ fxe6 42. h5 c4 43. h6 b5 44. h7 Kg7 45. Ke5 a5 46. a3 1-0

[Event "29. Klatovy A 2023"]
[Site "Klatovy"]
[Date "2023.07.01"]
[Round "1.28"]
[White "Folkova, Martina"]
[Black "Honcharov, Makar"]
[Result "0-1"]
[WhiteElo "2030"]
[BlackElo "1696"]
[PlyCount "84"]
[EventDate "2023.07.01"]
[EventType "swiss"]
[EventRounds "9"]
[EventCountry "CZE"]

1. e4 c5 2. Nf3 d6 3. d4 cxd4 4. Nxd4 Nf6 5. Nc3 a6 6. Bg5 Nbd7 7. Qd2 h6 8. Bh4 b5 9. a3 Bb7 10. Bd3 e6 11. O-O Be7 12. f4 Qc7 13. Nf3 Rc8 14. Kh1 Nb6 15. Rae1 O-O 16. e5 dxe5 17. fxe5 Nfd5 18. Bxe7 Qxe7 19. Ne4 Nc4 20. Bxc4 bxc4 21. Nd6 Rc7 22. Qd4 c3 23. b4 f5 24. Rb1 f4 25. Ne1 Qg5 26. Nxb7 Rxb7 27. Rf2 Qf5 28. Nd3 g5 29. Nc5 Rg7 30. Nxa6 g4 31. g3 Qh5 32. Rbf1 Ne3 33. Qxc3 Nxf1 34. Rxf1 Qh3 35. Kg1 f3 36. Qd2 Rd7 37. Qf2 Rfd8 38. Nc5 Rd2 39. Nd3 Rxf2 40. Rxf2 Qh5 41. a4 Rxd3 42. cxd3 Qxe5 0-1

[Event "29. Klatovy A 2023"]
[Site "Klatovy"]
[Date "2023.07.01"]
[Round "1.29"]
[White "Andrle, Filip"]
[Black "Filindash, Nikita"]
[Result "1/2-1/2"]
[WhiteElo "1692"]
[BlackElo "2011"]
[PlyCount "72"]
[EventDate "2023.07.01"]
[EventType "swiss"]
[EventRounds "9"]
[EventCountry "CZE"]

1. e4 c5 2. c4 Nc6 3. Nc3 g6 4. g3 Bg7 5. Bg2 e6 6. Nge2 Nge7 7. O-O O-O 8. d3 Nd4 9. Nxd4 Bxd4 10. Nb5 Bg7 11. Rb1 a6 12. Nd6 Be5 13. Nxc8 Rxc8 14. b4 cxb4 15. Rxb4 Qc7 16. Be3 Nc6 17. Rb6 Rb8 18. Qb1 Qc8 19. Bf4 Bxf4 20. gxf4 Qc7 21. e5 f6 22. Bxc6 bxc6 23. Rxb8 Rxb8 24. Qa1 fxe5 25. fxe5 Qb6 26. Qc3 c5 27. Rd1 Qb2 28. Qxb2 Rxb2 29. d4 Rxa2 30. dxc5 Ra5 31. Rxd7 Rxc5 32. Rd6 Rxe5 33. Rxa6 Rc5 34. Rxe6 Rxc4 35. Re7 Rf4 36. Kg2 Rf7 1/2-1/2

[Event "29. Klatovy A 2023"]
[Site "Klatovy"]
[Date "2023.07.02"]
[Round "2.22"]
[White "Matejovsky, Ondrej"]
[Black "Palek, Miroslav"]
[Result "1/2-1/2"]
[WhiteElo "1928"]
[BlackElo "2091"]
[PlyCount "161"]
[EventDate "2023.07.01"]
[EventType "swiss"]
[EventRounds "9"]
[EventCountry "CZE"]

1. e4 c6 2. d4 d5 3. exd5 cxd5 4. c3 Nc6 5. Bd3 Nf6 6. Bg5 Bg4 7. Qb3 Qd7 8. Nd2 e6 9. Ngf3 Bd6 10. O-O Bh5 11. Rfe1 O-O 12. Ne5 Qc7 13. Ndf3 Nd7 14. Nxd7 Qxd7 15. Bh4 Bxf3 16. gxf3 f5 17. f4 Bxf4 18. Bg3 Bxg3 19. hxg3 Rf6 20. Bb5 Raf8 21. Re5 Qf7 22. Bxc6 bxc6 23. f4 g5 24. Rf1 gxf4 25. Rxf4 Qh5 26. Qc2 Rg6 27. Kg2 Kh8 28. Qe2 Qh6 29. Qf2 Rfg8 30. Re3 Qh5 31. Qf3 Qg5 32. Kf2 Rh6 33. Qg2 Rgg6 34. Rff3 Rh4 35. Ke1 Qh6 36. Qe2 Rh1+ 37. Kd2 Ra1 38. Kc2 Rxa2 39. Rxf5 Ra1 40. Rf1 Rxf1 41. Qxf1 Rf6 42. Rf3 Rxf3 43. Qxf3 Kg7 44. Kb3 Qg5 45. Qd3 Qd8 46. Qf3 Qf6 47. Qg4+ Kf8 48. Kb4 Qe7+ 49. Kb3 Qb7+ 50. Kc2 Qf7 51. Kb3 Ke8 52. Qg5 Kd7 53. Qe5 Qf8 54. Qg5 c5 55. dxc5 Qxc5 56. Qg7+ Qe7 57. Qd4 Kc8 58. Kc2 Qc7 59. g4 Kd7 60. Qa4+ Ke7 61. Qd4 Qh2+ 62. Kb3 Qb8+ 63. Kc2 Kf7 64. g5 Kg8 65. Qf6 Qe8 66. Qe5 Qf7 67. Kb3 Qb7+ 68. Kc2 Qd7 69. Kb1 Qe7 70. Ka2 Kf7 71. Qh8 Kg6 72. Qg8+ Kf5 73. Kb1 e5 74. Qxd5 Kxg5 75. Qg2+ Kf5 76. Qf3+ Kg5 77. Qg3+ Kh5 78. Qh3+ Kg5 79. Qg3+ Kf5 80. Qf3+ Ke6 81. Qh3+ 1/2-1/2

[Event "29. Klatovy A 2023"]
[Site "Klatovy"]
[Date "2023.07.02"]
[Round "2.1"]
[White "Hurdzan, Tomas"]
[Black "Ret, Adam Josef"]
[Result "1-0"]
[WhiteElo "2309"]
[BlackElo "2133"]
[PlyCount "115"]
[EventDate "2023.07.01"]
[EventType "swiss"]
[EventRounds "9"]
[EventCountry "CZE"]
[TimeControl "120+30"]

1. c4 {[%emt 0:00:17]} e6 {[%emt 0:00:25]} 2. Nf3 {[%emt 0:00:23]} d5 {[%emt 0:00:19]} 3. g3 {[%emt 0:00:56]} Nf6 {[%emt 0:07:50]} 4. Bg2 {[%emt 0:00:27]} Be7 {[%emt 0:03:07]} 5. O-O {[%emt 0:00:14]} O-O {[%emt 0:00:34]} 6. b3 {[%emt 0:01:50]} c5 {[%emt 0:07:00]} 7. cxd5 {[%emt 0:02:05]} Nxd5 {[%emt 0:06:27]} 8. Bb2 {[%emt 0:01:31]} Nc6 {[%emt 0:00:32]} 9. d4 {[%emt 0:04:43]} cxd4 {[%emt 0:07:55]} 10. Nxd4 {[%emt 0:00:35]} Nxd4 {[%emt 0:02:13]} 11. Qxd4 {[%emt 0:07:16]} Bf6 {[%emt 0:01:14]} 12. Qd2 {[%emt 0:00:09]} Bd7 {[%emt 0:08:10]} 13. Rd1 {[%emt 0:46:45]} Bc6 {[%emt 0:06:03]} 14. Na3 {[%emt 0:04:36]} Qe7 {[%emt 0:09:32]} 15. Nc4 {[%emt 0:01:00]} Bxb2 {[%emt 0:07:14]} 16. Qxb2 {[%emt 0:00:25]} Nb6 {[%emt 0:01:44]} 17. Bxc6 {[%emt 0:16:09]} Nxc4 {[%emt 0:00:50]} 18. Qc3 {[%emt 0:02:23]} Nb6 {[%emt 0:03:00]} 19. Bf3 {[%emt 0:03:58]} Rfc8 {[%emt 0:16:44]} 20. Qa5 {[%emt 0:09:07]} Rc5 {[%emt 0:01:09]} 21. Qa3 {[%emt 0:00:56]} Rc7 {[%emt 0:01:02]} 22. Qxe7 {[%emt 0:00:25]} Rxe7 {[%emt 0:00:02]} 23. Rac1 {[%emt 0:00:55]} g6 {[%emt 0:00:35]} 24. a4 {[%emt 0:02:59]} Rae8 {[%emt 0:18:29]} 25. e3 {[%emt 0:05:15]} a6 {[%emt 0:03:48]} 26. Rc5 {[%emt 0:01:32]} Nd7 {[%emt 0:00:46]} 27. Rc3 {[%emt 0:02:54]} Ne5 {[%emt 0:01:09]} 28. Bg2 {[%emt 0:00:48]} Kg7 {[%emt 0:03:02]} 29. Rd6 {[%emt 0:00:29]} Rb8 {[%emt 0:02:19]} 30. b4 {[%emt 0:05:44]} f6 {[%emt 0:02:42]} 31. Rb6 {[%emt 0:01:27]} Kf7 {[%emt 0:03:18]} 32. f4 {[%emt 0:00:37]} Ng4 {[%emt 0:00:42]} 33. h3 {[%emt 0:00:20]} Nh6 {[%emt 0:00:09]} 34. g4 {[%emt 0:00:34]} Rd7 {[%emt 0:02:06]} 35. Kf2 {[%emt 0:00:32]} Ng8 {[%emt 0:00:06]} 36. Bc6 {[%emt 0:01:58]} Re7 {[%emt 0:01:03]} 37. Rd3 {[%emt 0:03:35]} Rc8 {[%emt 0:00:00]} 38. Bf3 {[%emt 0:00:26]} Rb8 {[%emt 0:02:33]} 39. Rdd6 {[%emt 0:00:32]} f5 {[%emt 0:03:06]} 40. g5 {[%emt 0:00:02]} e5 {[%emt 0:00:24]} 41. Bd5+ {[%emt 0:00:37]} Kg7 {[%emt 0:00:03]} 42. fxe5 {[%emt 0:00:48]} Rc7 {[%emt 0:00:31]} 43. Bf3 {[%emt 0:02:18]} Ne7 {[%emt 0:00:04]} 44. Rf6 {[%emt 0:00:20]} Ng8 {[%emt 0:01:30]} 45. Rfe6 {[%emt 0:00:58]} Ne7 {[%emt 0:00:41]} 46. Rbd6 {[%emt 0:00:18]} Re8 {[%emt 0:00:27]} 47. a5 {[%emt 0:00:45]} Rc2+ {[%emt 0:00:20]} 48. Kg3 {[%emt 0:00:09]} Rc7 {[%emt 0:00:36]} 49. h4 {[%emt 0:00:27]} Rf8 {[%emt 0:00:12]} 50. Rf6 {[%emt 0:00:19]} Rb8 {[%emt 0:01:05]} 51. e6 {[%emt 0:00:31]} Nc6 {[%emt 0:00:43]} 52. Bxc6 {[%emt 0:01:04]} Rxc6 {[%emt 0:00:32]} 53. Rf7+ {[%emt 0:00:31]} Kg8 {[%emt 0:00:04]} 54. Rxb7 {[%emt 0:00:44]} Rxd6 {[%emt 0:00:37]} 55. Rxb8+ {[%emt 0:00:04]} Kg7 {[%emt 0:00:06]} 56. Rb7+ {[%emt 0:00:10]} Kg8 {[%emt 0:00:15]} 57. Rb8+ {[%emt 0:00:31]} Kg7 {[%emt 0:00:04]} 58. e7 {[%emt 0:00:04]} 1-0

[Event "29. Klatovy A 2023"]
[Site "Klatovy"]
[Date "2023.07.02"]
[Round "2.2"]
[White "Skypala, Ondrej"]
[Black "Slovak, Kilian"]
[Result "0-1"]
[WhiteElo "2163"]
[BlackElo "2297"]
[PlyCount "50"]
[EventDate "2023.07.01"]
[EventType "swiss"]
[EventRounds "9"]
[EventCountry "CZE"]
[TimeControl "120+30"]

1. g3 {[%emt 0:00:17]} g6 {[%emt 0:00:20]} 2. Bg2 {[%emt 0:00:47]} Bg7 {[%emt 0:00:07]} 3. c4 {[%emt 0:04:53]} f5 {[%emt 0:00:15]} 4. d3 {[%emt 0:00:54]} Nf6 {[%emt 0:00:31]} 5. Nc3 {[%emt 0:00:08]} O-O {[%emt 0:00:08]} 6. e4 {[%emt 0:00:24]} fxe4 {[%emt 0:00:13]} 7. dxe4 {[%emt 0:01:24]} d6 {[%emt 0:00:07]} 8. Nge2 {[%emt 0:01:11]} c5 {[%emt 0:00:08]} 9. O-O {[%emt 0:09:30]} Nc6 {[%emt 0:00:20]} 10. h3 {[%emt 0:03:16]} Ne8 {[%emt 0:00:08]} 11. Bg5 {[%emt 0:09:39]} Nc7 {[%emt 0:02:03]} 12. Qd2 {[%emt 0:02:23]} Ne5 {[%emt 0:11:32]} 13. b3 {[%emt 0:00:08]} Bxh3 {[%emt 0:12:03]} 14. f4 {[%emt 0:03:19]} Bxg2 {[%emt 0:01:09]} 15. Kxg2 {[%emt 0:00:08]} Nf7 {[%emt 0:05:03]} 16. Bh4 {[%emt 0:04:19]} h6 {[%emt 0:04:43]} 17. Rad1 {[%emt 0:00:25]} Qd7 {[%emt 0:03:34]} 18. Nd5 {[%emt 0:01:25]} Nxd5 {[%emt 0:05:14]} 19. Qxd5 {[%emt 0:00:43]} Qg4 {[%emt 0:04:05]} 20. Rf2 {[%emt 0:00:08]} e6 {[%emt 0:02:39]} 21. Qxb7 {[%emt 0:02:04]} g5 {[%emt 0:00:51]} 22. fxg5 {[%emt 0:00:09]} hxg5 {[%emt 0:00:09]} 23. Rdf1 {[%emt 0:00:23]} Ne5 {[%emt 0:03:39]} 24. Bxg5 {[%emt 0:01:15]} Qxg5 {[%emt 0:01:19]} 25. Nf4 {[%emt 0:00:09]} Rae8 {[%emt 0:04:25]} 0-1

[Event "29. Klatovy A 2023"]
[Site "Klatovy"]
[Date "2023.07.02"]
[Round "2.3"]
[White "Horak, Martin"]
[Black "Pycha, Patrik"]
[Result "1-0"]
[WhiteElo "2266"]
[BlackElo "2058"]
[PlyCount "77"]
[EventDate "2023.07.01"]
[EventType "swiss"]
[EventRounds "9"]
[EventCountry "CZE"]
[TimeControl "120+30"]

1. Nf3 {[%emt 0:00:05]} Nf6 {[%emt 0:00:20]} 2. c4 {[%emt 0:00:06]} e6 {[%emt 0:02:19]} 3. Nc3 {[%emt 0:00:12]} d5 {[%emt 0:00:17]} 4. e3 {[%emt 0:00:06]} Be7 {[%emt 0:00:27]} 5. b3 {[%emt 0:00:29]} O-O {[%emt 0:00:14]} 6. Bb2 {[%emt 0:00:03]} b6 {[%emt 0:00:44]} 7. cxd5 {[%emt 0:00:06]} exd5 {[%emt 0:00:24]} 8. d4 {[%emt 0:00:05]} c5 {[%emt 0:01:10]} 9. Bd3 {[%emt 0:06:25]} Nc6 {[%emt 0:01:14]} 10. dxc5 {[%emt 0:04:33]} bxc5 {[%emt 0:00:07]} 11. O-O {[%emt 0:06:04]} Bb7 {[%emt 0:07:33]} 12. Rc1 {[%emt 0:02:14]} d4 {[%emt 0:08:03]} 13. exd4 {[%emt 0:03:33]} Nxd4 {[%emt 0:00:45]} 14. Nxd4 {[%emt 0:00:33]} cxd4 {[%emt 0:00:11]} 15. Ne2 {[%emt 0:07:28]} Qd5 {[%emt 0:03:55]} 16. f3 {[%emt 0:00:20]} Bc5 {[%emt 0:07:52]} 17. Ng3 {[%emt 0:08:11]} Qg5 {[%emt 0:18:27]} 18. Rc2 {[%emt 0:04:39]} Bb6 {[%emt 0:02:15]} 19. Bc1 {[%emt 0:06:10]} Qd5 {[%emt 0:08:59]} 20. Re1 {[%emt 0:04:01]} Rfe8 {[%emt 0:02:55]} 21. Rce2 {[%emt 0:00:57]} Qd7 {[%emt 0:01:59]} 22. Qd2 {[%emt 0:08:56]} Nd5 {[%emt 0:05:39]} 23. Qg5 {[%emt 0:03:06]} Rxe2 {[%emt 0:09:00]} 24. Rxe2 {[%emt 0:01:18]} h6 {[%emt 0:01:22]} 25. Qe5 {[%emt 0:10:30]} Nb4 {[%emt 0:13:17]} 26. Nh5 {[%emt 0:14:43]} f6 {[%emt 0:00:33]} 27. Qg3 {[%emt 0:00:43]} Qf7 {[%emt 0:15:55]} 28. Bg6 {[%emt 0:03:33]} d3+ {[%emt 0:05:09]} 29. Kh1 {[%emt 0:00:45]} Qf8 {[%emt 0:01:19]} 30. Re1 {[%emt 0:08:39]} Kh8 {[%emt 0:05:40]} 31. Bf5 {[%emt 0:03:31]} g5 {[%emt 0:01:25]} 32. Bb2 {[%emt 0:04:56]} d2 {[%emt 0:00:48]} 33. Rd1 {[%emt 0:00:49]} Nd5 {[%emt 0:00:24]} 34. Rxd2 {[%emt 0:01:31]} Re8 {[%emt 0:01:40]} 35. Be4 {[%emt 0:04:08]} Bc7 {[%emt 0:01:13]} 36. Qf2 {[%emt 0:05:30]} Qf7 {[%emt 0:00:22]} 37. Bxd5 {[%emt 0:01:45]} Qxh5 {[%emt 0:00:14]} 38. g4 {[%emt 0:00:27]} Re1+ {[%emt 0:00:32]} 39. Qxe1 {[%emt 0:00:10]} 1-0

[Event "29. Klatovy A 2023"]
[Site "Klatovy"]
[Date "2023.07.02"]
[Round "2.4"]
[White "Jordanov, Mihail"]
[Black "Vorisek, Jaroslav"]
[Result "0-1"]
[WhiteElo "2140"]
[BlackElo "2260"]
[PlyCount "96"]
[EventDate "2023.07.01"]
[EventType "swiss"]
[EventRounds "9"]
[EventCountry "CZE"]
[TimeControl "120+30"]

1. e4 {[%emt 0:00:04]} e5 {[%emt 0:00:12]} 2. Nf3 {[%emt 0:00:13]} Nc6 {[%emt 0:00:10]} 3. Bb5 {[%emt 0:00:26]} a6 {[%emt 0:00:16]} 4. Ba4 {[%emt 0:00:08]} Nf6 {[%emt 0:00:17]} 5. d3 {[%emt 0:00:48]} d6 {[%emt 0:03:47]} 6. O-O {[%emt 0:01:44]} g6 {[%emt 0:06:32]} 7. c3 {[%emt 0:08:15]} Bg7 {[%emt 0:00:46]} 8. Re1 {[%emt 0:06:31]} O-O {[%emt 0:07:14]} 9. h3 {[%emt 0:17:50]} b5 10. Bc2 {[%emt 0:03:45]} Re8 {[%emt 0:00:00]} 11. Bg5 Bb7 {[%emt 0:00:00]} 12. Nbd2 Qe7 {[%emt 0:00:00]} 13. Nf1 {[%emt 0:45:38]} Nd8 {[%emt 0:00:21]} 14. Qd2 {[%emt 0:01:07]} Ne6 {[%emt 0:05:21]} 15. Bh6 {[%emt 0:01:21]} Nd7 {[%emt 0:18:15]} 16. d4 {[%emt 0:15:04]} f6 {[%emt 0:06:32]} 17. d5 {[%emt 0:12:47]} Nd8 {[%emt 0:02:46]} 18. Bxg7 {[%emt 0:02:11]} Kxg7 {[%emt 0:02:19]} 19. Ne3 {[%emt 0:03:31]} Nf7 {[%emt 0:00:16]} 20. a4 {[%emt 0:02:03]} Nb6 {[%emt 0:19:01]} 21. a5 {[%emt 0:01:42]} Nc8 {[%emt 0:00:05]} 22. b3 {[%emt 0:04:23]} c5 {[%emt 0:02:53]} 23. g4 {[%emt 0:03:52]} Qd7 {[%emt 0:02:25]} 24. Kh2 {[%emt 0:01:37]} Ne7 {[%emt 0:02:47]} 25. Rg1 {[%emt 0:00:47]} Rh8 {[%emt 0:04:53]} 26. Nh4 {[%emt 0:03:31]} Rag8 {[%emt 0:02:15]} 27. Raf1 {[%emt 0:01:43]} h5 {[%emt 0:01:28]} 28. Bd1 {[%emt 0:01:58]} Bc8 {[%emt 0:04:40]} 29. Rg3 {[%emt 0:08:41]} hxg4 {[%emt 0:06:52]} 30. Bxg4 {[%emt 0:00:28]} Qd8 {[%emt 0:00:09]} 31. Bxc8 {[%emt 0:01:22]} Qxc8 {[%emt 0:00:01]} 32. Nhf5+ {[%emt 0:03:02]} Kf8 {[%emt 0:00:49]} 33. Nxe7 {[%emt 0:00:38]} Kxe7 {[%emt 0:00:01]} 34. f4 {[%emt 0:00:31]} Rh5 {[%emt 0:05:34]} 35. Ng4 {[%emt 0:02:14]} Rgh8 {[%emt 0:02:16]} 36. Qf2 {[%emt 0:01:28]} f5 {[%emt 0:00:26]} 37. fxe5 {[%emt 0:00:40]} dxe5 {[%emt 0:00:52]} 38. exf5 {[%emt 0:00:54]} gxf5 {[%emt 0:00:47]} 39. Ne3 {[%emt 0:01:39]} f4 {[%emt 0:00:22]} 40. d6+ {[%emt 0:00:12]} Kf8 {[%emt 0:00:30]} 41. d7 {[%emt 0:00:48]} fxg3+ {[%emt 0:00:36]} 42. Qxg3 {[%emt 0:00:19]} Qxd7 {[%emt 0:00:03]} 43. Ng4 {[%emt 0:00:32]} Rxh3+ {[%emt 0:00:12]} 44. Qxh3 {[%emt 0:00:00]} Rxh3+ {[%emt 0:00:06]} 45. Kxh3 {[%emt 0:00:01]} Qd3+ {[%emt 0:00:31]} 46. Kg2 {[%emt 0:00:04]} Qxc3 {[%emt 0:00:10]} 47. Rf3 {[%emt 0:00:07]} Qc2+ 48. Kg3 {[%emt 0:00:00]} Ke7 0-1

[Event "29. Klatovy A 2023"]
[Site "Klatovy"]
[Date "2023.07.02"]
[Round "2.5"]
[White "Pecka, Jan"]
[Black "Jun, Rudolf"]
[Result "0-1"]
[WhiteElo "2054"]
[BlackElo "2223"]
[PlyCount "62"]
[EventDate "2023.07.01"]
[EventType "swiss"]
[EventRounds "9"]
[EventCountry "CZE"]
[TimeControl "120+30"]

1. d4 {[%emt 0:00:05]} Nf6 {[%emt 0:00:10]} 2. c4 {[%emt 0:00:08]} c5 {[%emt 0:00:51]} 3. d5 {[%emt 0:01:17]} e6 {[%emt 0:00:06]} 4. Nc3 {[%emt 0:00:10]} exd5 {[%emt 0:00:06]} 5. cxd5 {[%emt 0:00:12]} d6 {[%emt 0:00:05]} 6. e4 {[%emt 0:00:51]} g6 {[%emt 0:00:30]} 7. Bb5+ {[%emt 0:02:45]} Bd7 {[%emt 0:00:17]} 8. Bxd7+ {[%emt 0:00:12]} Nbxd7 {[%emt 0:00:06]} 9. Nf3 {[%emt 0:00:10]} a6 {[%emt 0:00:13]} 10. a4 {[%emt 0:00:08]} Bg7 {[%emt 0:00:44]} 11. O-O {[%emt 0:00:46]} O-O {[%emt 0:00:05]} 12. Nd2 {[%emt 0:02:20]} Re8 {[%emt 0:01:01]} 13. a5 {[%emt 0:01:51]} Ne5 {[%emt 0:00:50]} 14. Qc2 {[%emt 0:01:40]} Nh5 {[%emt 0:04:42]} 15. f4 {[%emt 0:03:06]} Ng4 {[%emt 0:02:26]} 16. Nf3 {[%emt 0:04:13]} Bd4+ {[%emt 0:06:43]} 17. Nxd4 {[%emt 0:01:51]} cxd4 {[%emt 0:00:07]} 18. Nd1 {[%emt 0:02:27]} f5 {[%emt 0:03:06]} 19. h3 {[%emt 0:20:12]} Rc8 {[%emt 0:06:03]} 20. Qd3 {[%emt 0:02:03]} fxe4 {[%emt 0:00:46]} 21. Qxd4 {[%emt 0:00:09]} Ng3 {[%emt 0:03:53]} 22. Re1 {[%emt 0:00:13]} Nf5 {[%emt 0:00:45]} 23. Qb4 {[%emt 0:01:13]} Nf6 {[%emt 0:03:16]} 24. Ne3 {[%emt 0:08:36]} Qc7 {[%emt 0:01:47]} 25. Ra4 {[%emt 0:07:21]} Qxc1 {[%emt 0:07:44]} 26. Nxf5 {[%emt 0:06:15]} gxf5 {[%emt 0:01:09]} 27. Rxc1 {[%emt 0:00:04]} Rxc1+ {[%emt 0:00:04]} 28. Kf2 {[%emt 0:02:47]} e3+ {[%emt 0:00:05]} 29. Ke2 {[%emt 0:00:07]} Nh5 {[%emt 0:04:22]} 30. Qxd6 {[%emt 0:01:17]} Ng3+ {[%emt 0:00:48]} 31. Kd3 {[%emt 0:00:46]} e2 {[%emt 0:00:41]} 0-1

[Event "29. Klatovy A 2023"]
[Site "Klatovy"]
[Date "2023.07.02"]
[Round "2.6"]
[White "Hladky, Tadeas"]
[Black "Formanek, Martin"]
[Result "1/2-1/2"]
[WhiteElo "2046"]
[BlackElo "2206"]
[PlyCount "56"]
[EventDate "2023.07.01"]
[EventType "swiss"]
[EventRounds "9"]
[EventCountry "CZE"]
[TimeControl "120+30"]

1. e4 {[%emt 0:00:02]} c5 {[%emt 0:00:21]} 2. Nf3 {[%emt 0:00:07]} d6 {[%emt 0:00:20]} 3. Bb5+ {[%emt 0:00:08]} Nd7 {[%emt 0:00:26]} 4. d4 {[%emt 0:00:09]} cxd4 {[%emt 0:00:28]} 5. Qxd4 {[%emt 0:00:08]} a6 {[%emt 0:01:13]} 6. Bxd7+ {[%emt 0:00:09]} Bxd7 {[%emt 0:00:09]} 7. O-O {[%emt 0:00:16]} e5 {[%emt 0:00:33]} 8. Qd3 {[%emt 0:00:08]} h6 {[%emt 0:00:36]} 9. c4 {[%emt 0:00:14]} b5 {[%emt 0:01:21]} 10. Nfd2 {[%emt 0:00:15]} Nf6 {[%emt 0:03:52]} 11. Nc3 {[%emt 0:00:17]} Qb6 {[%emt 0:01:51]} 12. b3 {[%emt 0:00:38]} Be7 {[%emt 0:02:09]} 13. a4 {[%emt 0:06:49]} O-O {[%emt 0:06:04]} 14. axb5 {[%emt 0:08:40]} axb5 {[%emt 0:00:05]} 15. Rxa8 {[%emt 0:00:22]} Rxa8 {[%emt 0:00:04]} 16. cxb5 {[%emt 0:00:25]} Qd4 {[%emt 0:00:50]} 17. Qc2 {[%emt 0:01:15]} Be6 {[%emt 0:01:30]} 18. Rd1 {[%emt 0:26:33]} Qb4 {[%emt 0:04:26]} 19. Bb2 {[%emt 0:03:10]} Nd7 {[%emt 0:09:14]} 20. Nc4 {[%emt 0:26:57]} Nc5 {[%emt 0:22:48]} 21. Nb6 {[%emt 0:18:19]} Bxb3 {[%emt 0:07:38]} 22. Qb1 {[%emt 0:01:34]} Re8 {[%emt 0:04:23]} 23. Nbd5 {[%emt 0:02:16]} Bxd5 {[%emt 0:01:47]} 24. Nxd5 {[%emt 0:00:54]} Qxe4 {[%emt 0:03:03]} 25. Qxe4 {[%emt 0:00:17]} Nxe4 {[%emt 0:00:04]} 26. f3 {[%emt 0:00:11]} Nc5 {[%emt 0:00:27]} 27. Nxe7+ {[%emt 0:01:18]} Rxe7 {[%emt 0:00:05]} 28. Rxd6 {[%emt 0:00:07]} Rb7 {[%emt 0:00:19]} 1/2-1/2